Alle Tiere in der Bibel - Statistiken

Allgemein
  • Dieses Quiz wurde 108 mal gespielt
    4 seit der letzten Aktualisierung
  • Das Durchschnittsergebnis liegt bei 29 aus 79
Antwortstatistiken
Hint Antwort % Korrekt
Vogel Adler
100%
Säugetier Auerochse
100%
Säugetier Hausrind
100%
Säugetier Löwe
100%
Vogel Rabe
100%
Vogel Taube
100%
Säugetier Wildstier
100%
Säugetier Affe
75%
Säugetier Bär
75%
Säugetier Elefant
75%
Säugetier Esel
75%
Fisch Fisch
75%
Reptil Schlange
75%
Säugetier Schwein
75%
Spinnentier Spinne
75%
Säugetier Wildesel
75%
Insekt Ameise
50%
Insekt Biene
50%
Säugetier Dromedar/ Kamel
50%
Säugetier Falbkatze
50%
Amphibium Frosch
50%
Säugetier Haushund
50%
Säugetier Hausschaf
50%
Insekt Heuschrecke
50%
Säugetier Hirsch
50%
Reptil Krokodil
50%
Insekt Mücke
50%
Säugetier Nilpferd
50%
Weichtier Schnecke
50%
Insekt Stechfliege
50%
Insekt Stechmücke
50%
Vogel Strauß
50%
Säugetier Wildschwein
50%
Säugetier Wildziege
50%
Wurm Wurm
50%
Säugetier Antilope
25%
Vogel Drossel
25%
Vogel Eule
25%
Säugetier Feldhase
25%
Säugetier Fuchs
25%
Säugetier Gazelle
25%
Vogel Geier
25%
Vogel Hahn
25%
Säugetier Igel
25%
Säugetier Leopard
25%
Säugetier Maulwurf
25%
Säugetier Maus
25%
Vogel Perlhuhn
25%
Säugetier Ratte
25%
Vogel Rebhuhn
25%
Vogel Schwalbe
25%
Spinnentier Skorpion
25%
Vogel Sperling
25%
Vogel Wachtel
25%
Säugetier Wildkaninchen
25%
Säugetier Wolf
25%
Wurm Blutegel
0%
Insekt Bremse
0%
Vogel Bussard
0%
Reptil Chamäleon
0%
Vogel Falke
0%
Säugetier Fledermaus
0%
Insekt Floh
0%
Säugetier Gams
0%
Reptil Gecko
0%
Insekt Hornisse
0%
Vogel Ibis
0%
Säugetier Klippschliefer
0%
Säugetier Maultier
0%
Vogel Milan
0%
Insekt Moskito
0%
Insekt Motte
0%
Vogel Reier
0%
Amphibium Salamander
0%
Säugetier Schakal
0%
Säugetier Steinbock
0%
Vogel Storch
0%
Vogel Wiedehopf
0%
Säugetier Wisent
0%
Keine übereinstimmenden Quizze gefunden
Verteilung der Resultate
Anzahl Personen mit jedem Resultat
Perzentil nach korrekt beantworteten Fragen
Ihre Resultats-Entwicklung
Sie haben dieses Quiz seit der letzten Aktualisierung nicht gespielt